logo

Bir Sreshtho Munshi Abdur Rouf Library
Jhenaidah Cadet College

The Riddle Of Monk's Island / (Record no. 14043)

MARC details
000 -LEADER
fixed length control field 00552nam a2200217 a 4500
001 - CONTROL NUMBER
JCCL Control Number 14043
003 - CONTROL NUMBER IDENTIFIER
JCCL marc code BD-JhCC
005 - DATE AND TIME OF LATEST TRANSACTION
control field 20240525135824.0
008 - FIXED-LENGTH DATA ELEMENTS--GENERAL INFORMATION
fixed length control field 171118s1959 uk |||| |||| 000 0 eng d
035 ## - SYSTEM CONTROL NUMBER
system control number (BD-JhCC)14043
040 ## - CATALOGING SOURCE
Original cataloging agency BD-JhCC
Modifying agency BD-JhCC
041 ## - LANGUAGE CODE
Language code of Book eng
082 ## - DEWEY DECIMAL CLASSIFICATION NUMBER
Classification number 823.914
Author mark and Year MAH 1959
100 ## - MAIN ENTRY--PERSONAL NAME
Personal name Maher,T.F.
245 ## - TITLE STATEMENT
Title The Riddle Of Monk's Island /
Statement of responsibility, etc T.F.Maher.
260 ## - PUBLICATION, DISTRIBUTION, ETC. (IMPRINT)
Place of publication, distribution, etc London :
Name of publisher, distributor, etc Blackie & Son Ltd
Date of publication, distribution, etc 1959.
300 ## - PHYSICAL DESCRIPTION
Pagination 49 p.;
Dimensions 14 cm
490 ## - SERIES STATEMENT
Series statement The Crusader Series
650 ## - SUBJECT ADDED ENTRY--TOPICAL TERM
Topical term or geographic name as entry element Children stories
942 ## - ADDED ENTRY ELEMENTS (KOHA)
Source of classification or shelving scheme Dewey Decimal Classification
Koha item type Books

No items available.


JCC Library | Contacts | JCC Home

Last Update on 23 September 2017
Copyright @ 2017-2020 JCC Rouf Library
Rouf Library, Jhenidah Cadet College (JCC), Bangladesh